| 000 | 00352nam a2200133Ia 4500 | ||
|---|---|---|---|
| 008 | 210210b1978 xxu||||| |||| 00| 0 eng d | ||
| 082 | _a079.54 PARH | ||
| 100 | _aPARTHASARATHY (Rangaswami). | ||
| 245 | _aHundred years of the Hindu. | ||
| 260 |
_aMadras _bKasturi and Sons Limited _c1978 |
||
| 300 | _axiv,842 | ||
| 690 | _aJournalism | ||
| 906 | _a037126 | ||
| 999 |
_c87283 _d87283 |
||